000 00545nam a2200181 a 4500
008 120416s1970 ||||||||||||||||| || u
020 _a0421139900
050 _aKD 21 Bor
100 _aBorrie, Gordon J
245 1 0 _aPublic law
250 _a2nd.ed
260 _aLondon
_bSweet and Maxwell
_c1970
300 _axv, 194p.
350 _a0.00
650 _aLAW
650 _aPUBLIC LAW
995 _D0.00
_FCBU-MAIN LIBRARY (Kitwe)
_H1
_I1.50
_M1
_UAVAILABLE
_ZAnnex Low-Usage Collection
999 _c55301
_d55301